Land reform in Taiwan

Kaydedildi:
Detaylı Bibliyografya
Yazar: Cheng, Chen
Materyal Türü: Kitap
Dil:Undetermined
Baskı/Yayın Bilgisi: Taipei China Publishing Company 1961
Konular:
Etiketler: Etiketle
Etiket eklenmemiş, İlk siz ekleyin!
Thư viện lưu trữ: Trung tâm Học liệu Trường Đại học Cần Thơ
LEADER 00481nam a2200193Ia 4500
001 CTU_91100
008 210402s9999 xx 000 0 und d
082 |a 333.31 
082 |b C518 
100 |a Cheng, Chen 
245 0 |a Land reform in Taiwan 
245 0 |c Chen Cheng 
260 |a Taipei 
260 |b China Publishing Company 
260 |c 1961 
650 |a Taiwan 
650 |x lan refprm 
904 |i Nguyên 
980 |a Trung tâm Học liệu Trường Đại học Cần Thơ